|
|
|
|
| LEADER |
03138nam a22004093i 4500 |
| 001 |
EBC6955652 |
| 003 |
MiAaPQ |
| 005 |
20231204023222.0 |
| 006 |
m o d | |
| 007 |
cr cnu|||||||| |
| 008 |
231204s2015 xx o ||||0 ger d |
| 020 |
|
|
|a 9783839403129
|q (electronic bk.)
|
| 020 |
|
|
|z 9783899423129
|
| 035 |
|
|
|a (MiAaPQ)EBC6955652
|
| 035 |
|
|
|a (Au-PeEL)EBL6955652
|
| 035 |
|
|
|a (OCoLC)1049913090
|
| 040 |
|
|
|a MiAaPQ
|b eng
|e rda
|e pn
|c MiAaPQ
|d MiAaPQ
|
| 100 |
1 |
|
|a Geppert, Alexander C.T.
|
| 245 |
1 |
0 |
|a Ortsgespräche :
|b Raum und Kommunikation im 19. und 20. Jahrhundert.
|
| 250 |
|
|
|a 1st ed.
|
| 264 |
|
1 |
|a Bielefeld :
|b transcript,
|c 2015.
|
| 264 |
|
4 |
|c {copy}2015.
|
| 300 |
|
|
|a 1 online resource (381 pages)
|
| 336 |
|
|
|a text
|b txt
|2 rdacontent
|
| 337 |
|
|
|a computer
|b c
|2 rdamedia
|
| 338 |
|
|
|a online resource
|b cr
|2 rdacarrier
|
| 490 |
1 |
|
|a Zeit - Sinn - Kultur
|
| 505 |
0 |
|
|a Cover Ortsgespräche -- Inhalt -- Vorwort -- Editorial -- Einleitung -- Verräumlichung. Kommunikative Praktiken in historischer Perspektive, 1840-1930 -- Raumkonzeptionen -- Raumvorstellungen in den Geschichts-, Sozial- und Kulturwissenschaften. Epistemologische Profile -- Die (Un-)Ordnung des Raumes. Bemerkungen zum Wandel geographischer Raumkonzepte im ausgehenden 20. Jahrhundert -- Rekonstruktion alltäglicher Raumkonstruktionen. Eine Schnittstelle von Sozialgeographie und Geschichtswissenschaft? -- Techniken kommunikativer Raumerschließung -- Pfadfinder. Zur Kolonialisierung des geographischen Raumes -- Die Modernisierung des nordatlantischen Raumes. Cyrus Field, Taliaferro Shaffner und das submarine Telegraphennetz von 1858 -- Telefonieren als besondere Form gedehnter Äußerung und die Veränderung von Raumbegriffen im frühen 20. Jahrhundert -- Urbane Topographien der Kommunikation -- Promenadenmischungen. Raum und Kommunikation in Hydropolen, 1830-1880 -- Öffentliche Ermittlungen und ihre Aneignungen im urbanen Raum. Verbrecherjagden im Berlin des Kaiserreichs -- Schwellenräume und Übergangsmenschen. Öffentliche Kommunikation in der modernen Großstadt, 1880-1930 -- Kommunikation ästhetisierter Räume -- Raum visualisieren. Zur Genese des modernen Raumverständnisses in Medien der Frühen Neuzeit -- Architektur und Kommunikation. Zur symbolischen Form der städtischen Villa im 19. Jahrhundert -- Kommunizierende Räume. Das Museum -- Anhang -- Raum und Kommunikation. Eine Auswahlbibliographie -- Autorinnen und Autoren.
|
| 588 |
|
|
|a Description based on publisher supplied metadata and other sources.
|
| 590 |
|
|
|a Electronic reproduction. Ann Arbor, Michigan : ProQuest Ebook Central, 2023. Available via World Wide Web. Access may be limited to ProQuest Ebook Central affiliated libraries.
|
| 655 |
|
4 |
|a Electronic books.
|
| 700 |
1 |
|
|a Jensen, Uffa.
|
| 700 |
1 |
|
|a Weinhold, Jörn.
|
| 776 |
0 |
8 |
|i Print version:
|a Geppert, Alexander C.T.
|t Ortsgespräche
|d Bielefeld : transcript,c2015
|z 9783899423129
|
| 797 |
2 |
|
|a ProQuest (Firm)
|
| 830 |
|
0 |
|a Zeit - Sinn - Kultur
|
| 856 |
4 |
0 |
|u https://ebookcentral.proquest.com/lib/matrademy/detail.action?docID=6955652
|z Click to View
|